<?xml version="1.0" encoding="UTF-8"?>
<collection xmlns="http://www.loc.gov/MARC21/slim">
 <record>
  <leader>01271nam0a2200229   4500</leader>
  <controlfield tag="001">in00000002750</controlfield>
  <controlfield tag="005">20230112123327.4</controlfield>
  <datafield tag="010" ind1=" " ind2=" ">
   <subfield code="a">978-7-5092-2000-9</subfield>
   <subfield code="d">CNY1600.00</subfield>
  </datafield>
  <datafield tag="035" ind1=" " ind2=" ">
   <subfield code="a">010561236</subfield>
  </datafield>
  <datafield tag="100" ind1=" " ind2=" ">
   <subfield code="a">20210319d2020    em y0chiy50      ea</subfield>
  </datafield>
  <datafield tag="101" ind1="0" ind2=" ">
   <subfield code="a">chi</subfield>
  </datafield>
  <datafield tag="102" ind1=" " ind2=" ">
   <subfield code="a">CN</subfield>
   <subfield code="b">110000</subfield>
  </datafield>
  <datafield tag="105" ind1=" " ind2=" ">
   <subfield code="a">a   z   000yy</subfield>
  </datafield>
  <datafield tag="106" ind1=" " ind2=" ">
   <subfield code="a">d</subfield>
  </datafield>
  <datafield tag="200" ind1="1" ind2=" ">
   <subfield code="a">伟大历程 辉煌成就</subfield>
   <subfield code="9">wei da li cheng hui huang cheng jiu</subfield>
   <subfield code="e">庆祝中华人民共和国成立70周年大型成就展</subfield>
   <subfield code="f">庆祝中华人民共和国成立70周年大型成就展领导小组办公室[编]</subfield>
  </datafield>
  <datafield tag="210" ind1=" " ind2=" ">
   <subfield code="a">北京</subfield>
   <subfield code="c">中国市场出版社</subfield>
   <subfield code="d">2020</subfield>
  </datafield>
  <datafield tag="215" ind1=" " ind2=" ">
   <subfield code="a">3册(793页)</subfield>
   <subfield code="d">29×40cm</subfield>
  </datafield>
  <datafield tag="330" ind1=" " ind2=" ">
   <subfield code="a">本书以时间为线索，记录了“伟大历程 辉煌成就——庆祝中华人民共和国成立70周年大型成就展”的展览现场。画册分屹立东方1949-1978、改革开放1978-2012、走向复兴2012-2019、人间正道四部分。</subfield>
  </datafield>
  <datafield tag="606" ind1="0" ind2=" ">
   <subfield code="a">社会主义建设成就</subfield>
   <subfield code="y">中国</subfield>
   <subfield code="j">画册</subfield>
  </datafield>
  <datafield tag="690" ind1=" " ind2=" ">
   <subfield code="a">D619-64</subfield>
   <subfield code="v">5</subfield>
  </datafield>
  <datafield tag="711" ind1="0" ind2="2">
   <subfield code="a">庆祝中华人民共和国成立70周年大型成就展领导小组办公室</subfield>
   <subfield code="9">qing zhu zhong hua ren min gong he guo cheng li 70 zhou nian da xing cheng jiu zhan ling dao xiao zu ban gong shi</subfield>
   <subfield code="4">编</subfield>
  </datafield>
  <datafield tag="999" ind1="f" ind2="f">
   <subfield code="s">a02ab0b1-93e7-4ee0-875d-8dd002e0e1ef</subfield>
   <subfield code="i">86623912-d646-4937-bcef-e06a1f23b4a9</subfield>
  </datafield>
 </record>
</collection>
